| 000 | 00635nam a22002057a 4500 | ||
|---|---|---|---|
| 003 | OSt | ||
| 005 | 20260209113004.0 | ||
| 008 | 240806s2026 ag ||||| |||| 00| f spa d | ||
| 020 | _a84-89367-10-8 | ||
| 040 | _cbesoc | ||
| 100 | 1 |
_aPatterson, James _d1947- _eautor |
|
| 245 | 1 | 0 |
_aPerseguidos / _cJames Patterson y Andrew Gross ; traducción de Alberto Magnet |
| 260 |
_aArgentina : _bUmbriel, _c2006 |
||
| 300 |
_a345 p. ; _c23 cm |
||
| 650 | 7 |
_2embne _aLiteratura norteamericana |
|
| 655 | 7 |
_2embne _aNovelas de suspense |
|
| 700 | 1 |
_aGross, Andrew _d1952-, _eautor |
|
| 700 | 1 |
_aMagnet, Alberto _d1953- _etraductor |
|
| 942 |
_2udc _cOG _n0 |
||
| 999 |
_c297 _d297 |
||